00608 a2200217 45000010006000000050017000060080041000230030015000640400040000790800039001192450050001582640052002083000019002600410008002791000020002877000018003077000018003257000017003437000013003607000017003734379320260407155718.0260407a1974 arg spa dAR-UNSa-BCEJYS aAR-UNSa-BCEJYSbspacAR-UNSa-BCEJYS a330.342.14xEconomía capitalista10aLa transición del feudalismo al capitalismo 1aBuenos Aires :bEdiciones La Cruz del Surc1974 a149 p.c17 cm. aspa1 aSweezy, Paul M.1 aDobb, Maurice1 aTakahashi, K.1 aHilton, R.M.1 aHill, C.1 aLefebvre, G.